Statistics for Southernmost Major Cities in Asia

Click here to take the quiz!

General Stats

  • This quiz has been taken 22 times
  • The average score is 13 of 20

Answer Stats

Latitude Population City % Correct
-6.20°30.6 mJakarta
100%
3.13°8.70 mKuala Lumpur
100%
13.74°18.3 mBangkok
100%
14.60°25.2 mManila
100%
11.54°2.18 mPhnom Penh
82%
10.82°8.60 mHo Chi Minh City
82%
1.28°7.80 mSingapore
82%
10.32°2.65 mCebu
73%
6.92°4.73 mColombo
73%
16.86°5.50 mYangon
68%
12.97°11.8 mBangalore
68%
-7.25°6.00 mSurabaya
68%
13.08°11.0 mChennai
64%
15.39°2.73 mSana'a
59%
-6.92°6.85 mBandung
55%
17.42°9.85 mHyderabad
41%
5.41°2.08 mGeorge Town
18%
11.01°2.65 mCoimbatore
18%
-6.99°2.20 mSemarang
9%
17.67°2.15 mVisakhapatnam
0%

Score Distribution

Percentile by Number Answered

Percent of People with Each Score

Your Score History

You have not taken this quiz